Study Guide to Accompany Robert S. Pindyck and Daniel L. Rubinfeld's Microeconomics
Salvato in:
| Autore principale: | |
|---|---|
| Natura: | Libro |
| Lingua: | inglese |
| Pubblicazione: |
New York
MacMillan Publ. Co.
1989
|
| Edizione: | 1. ed. |
| Soggetti: | |
| Tags: |
Nessun Tag, puoi essere il primo ad aggiungerne!!
|
MARC
| LEADER | 00000nam a2200000 4500 | ||
|---|---|---|---|
| 001 | c002631 | ||
| 005 | 20221215114515.6 | ||
| 020 | |a 0-02-395840-5 | ||
| 041 | 0 | |a eng | |
| 044 | |a US | ||
| 245 | 1 | 0 | |a Study Guide to Accompany Robert S. Pindyck and Daniel L. Rubinfeld's Microeconomics |c Richard V. Eastin |
| 250 | |a 1. ed. | ||
| 264 | 1 | |a New York |b MacMillan Publ. Co. |c 1989 | |
| 300 | |a 160 s. | ||
| 610 | 2 | 0 | |a mikroekonomika |
| 610 | 2 | 0 | |a dopyt |
| 610 | 2 | 0 | |a ponuka |
| 610 | 2 | 0 | |a spotrebitelia |
| 610 | 2 | 0 | |a správanie |
| 610 | 2 | 0 | |a výroba |
| 610 | 2 | 0 | |a náklady výrobné |
| 610 | 2 | 0 | |a zisk |
| 610 | 2 | 0 | |a trh |
| 610 | 2 | 0 | |a konkurencia |
| 610 | 2 | 0 | |a monopoly |
| 610 | 2 | 0 | |a tvorba cien |
| 610 | 2 | 0 | |a oligopoly |
| 610 | 2 | 0 | |a teória hier |
| 610 | 2 | 0 | |a investície |
| 610 | 2 | 0 | |a trh kapitálový |
| 610 | 2 | 0 | |a rovnováha |
| 610 | 2 | 0 | |a efektívnosť ekonomická |
| 610 | 2 | 0 | |a informácie |
| 610 | 2 | 0 | |a externality |
| 610 | 2 | 0 | |a statky verejné |
| 100 | 1 | |a Eastin, Richard V. | |